Tilastot visalle Etelä-Savon kunnat

Klikkaa tästä pelataksesi tätä visaa!

Yleistilastot

  • Tätä visaa on pelattu 414 kertaa
  • Keskiarvotulos 9 / 14

Vastaustilastot

VäkilukuKunta/Kaupunki% Oikein
53 028Mikkeli
96%
32 913Savonlinna
89%
6 030Juva
72%
5 765Mäntyharju
71%
17 605Pieksämäki
69%
2 126Puumala
67%
2 474Sulkava
65%
1 691Pertunmaa
62%
2 128Hirvensalmi
58%
3 406Rantasalmi
56%
5 335Kangasniemi
54%
1 382Enonkoski
53%
4 738Joroinen
47%
3 241Heinävesi
44%

Tulosjakauma

Persentiili vastausten määrän mukaan

Jokaisen tuloksen saaneiden osuus

Tuloshistoriasi

Et ole pelannut tätä visaa